000 00728nam a2200289Ia 4500
005 20260324141448.0
008 008 260324s9999 xx 000 0 eng d
020 _a9780203047095
037 _aEBOOK
040 _aCRL
040 _beng
040 _cCRL
041 _2eng
041 _aeng
084 _qCRL
100 _aLetitia C Pallone; Jon'A F Meyer
_91208274
245 0 _aInaccuracies in Children's Testimony
245 0 _bMemory, Suggestibility, or Obedience to Authority?
260 _bTaylor and Francis
260 _c1997
365 _a
365 _b230
856 _uhttp://www.taylorfrancis.com/books/9780203047095
942 _cEBOOK
999 _c1811403
_d1811403